000 00955nam a2200241 i 4500
001 175625
003 ES-MaACL
005 20250808001330.0
007 t|
008 101111s1975 sp a r ||||1| spa d
020 _a84-220-0710-X
080 _a929 Tomás de Aquino, Santo
100 1 _aRamírez, Santiago.
_995112
245 1 0 _aIntroducción a Tomás de Aquino
_b: biografía, obras, autoridad doctrinal /
_cpor Santiago Ramírez ; edición actualizada por Victorino Rodríguez.
260 _aMadrid :
_bLa Editorial Católica,
_c1975.
300 _aVIII, 341, [18] p. :
_bil. retr. aut. ;
_c18 cm.
490 1 _aBiblioteca de autores cristianos. Serie Minor ;
_v36
600 0 4 _aTomás de Aquino
_cSanto-
_xCrítica e interpretación.
_9110513
700 1 _aRodríguez, Victorino.
_998310
830 0 0 _aBiblioteca de autores cristianos.
_pMinor
_v36
_9189814
852 _aES-MaACL
_jE-13503
_xOlim P-1255
999 _c175625
_d175625